000 00818nam a22002417a 4500
001 BR0902029
003 BR-BrBNA
005 20250204131024.0
007 ta
008 230509b bl.||||| |||| 00| 0 por d
040 _aBR-BrBNA
_bpor
_cBiblioteca Nacional de Agricultura
041 _a(Por)
072 _aE70; C20
110 1 _aMinistério da Agricultura, Pecuária e Abastecimento, Brasília, DF (Brasil). Secretaria de Desenvolvimento Agropecuário e Cooperativismo
245 1 _aProdutos orgânicos; sistemas participativos de garantia
260 3 _aBrasília, DF (Brasil):
_c2008.
300 _a44 p.
650 _aPRODUÇÃO ORGÂNICA
650 _aQUALIDADE
650 _aNORMA
856 _uhttps://repositorio-dspace.agricultura.gov.br/bitstream/1/295/1/sistema_participativo.pdf
942 _cBK
_2AGRIS
999 _c72961
_d72961